| 000 | 00632nam a2200169 4500 | ||
|---|---|---|---|
| 001 | 128084 | ||
| 003 | ES-MaACL | ||
| 005 | 20230906193146.0 | ||
| 007 | t| | ||
| 008 | 070214s1910 sp r ||||1| spa d | ||
| 100 | 1 |
_aRocafull de Montes, José. _998023 |
|
| 245 | 1 | 0 |
_aDiscurso de apertura del curso de 1910-1911 _b: memoria de 1909-1910 / _cJosé Rocafull de Montes. |
| 260 |
_aAlmería : _b[s.n.], _c1910. |
||
| 500 | _aPrecede al Tit : Escuela Superior de Artes Industriales y de industrias de Almería. | ||
| 710 | 2 |
_aEscuela Superior de Artes Industriales y de industrias de Almería. _93596 |
|
| 852 |
_aES-MaACL _jT-1254-F-5 |
||
| 999 |
_c128084 _d128084 |
||